<?xml version="1.0" encoding="UTF-8"?><?xml-stylesheet type="text/xsl" href="static/style.xsl"?><OAI-PMH xmlns="http://www.openarchives.org/OAI/2.0/" xmlns:xsi="http://www.w3.org/2001/XMLSchema-instance" xsi:schemaLocation="http://www.openarchives.org/OAI/2.0/ http://www.openarchives.org/OAI/2.0/OAI-PMH.xsd"><responseDate>2026-04-14T17:47:01Z</responseDate><request verb="GetRecord" identifier="oai:uvadoc.uva.es:10324/7014" metadataPrefix="marc">https://uvadoc.uva.es/oai/request</request><GetRecord><record><header><identifier>oai:uvadoc.uva.es:10324/7014</identifier><datestamp>2021-06-29T10:08:37Z</datestamp><setSpec>com_10324_38</setSpec><setSpec>col_10324_852</setSpec></header><metadata><record xmlns="http://www.loc.gov/MARC21/slim" xmlns:doc="http://www.lyncode.com/xoai" xmlns:xsi="http://www.w3.org/2001/XMLSchema-instance" xmlns:dcterms="http://purl.org/dc/terms/" xsi:schemaLocation="http://www.loc.gov/MARC21/slim http://www.loc.gov/standards/marcxml/schema/MARC21slim.xsd">
<leader>00925njm 22002777a 4500</leader>
<datafield tag="042" ind1=" " ind2=" ">
<subfield code="a">dc</subfield>
</datafield>
<datafield tag="720" ind1=" " ind2=" ">
<subfield code="a">Vaca Adeva, María Esther</subfield>
<subfield code="e">author</subfield>
</datafield>
<datafield tag="260" ind1=" " ind2=" ">
<subfield code="c">2014</subfield>
</datafield>
<datafield tag="520" ind1=" " ind2=" ">
<subfield code="a">Este documento muestra un camino para facilitar a los niños la adquisición de la lengua inglesa. Ello es posible a través del uso de la comunicación no verbal. Éste es el primer sistema de comunicación entre las personas, por lo que tiene una gran importancia desde que nacemos. La finalidad del trabajo es que los niños sean capaces de relacionar gestos con palabras para que ellos puedan expresarlas de forma oral con más facilidad. Es una estrategia que les permite desarrollar la habilidad oral de una lengua extranjera del mismo modo que aprendieron a hablar su lengua materna.</subfield>
</datafield>
<datafield tag="024" ind2=" " ind1="8">
<subfield code="a">http://uvadoc.uva.es/handle/10324/7014</subfield>
</datafield>
<datafield ind1=" " ind2=" " tag="653">
<subfield code="a">Comunicación no verbal</subfield>
</datafield>
<datafield ind1=" " ind2=" " tag="653">
<subfield code="a">Inglés (Lengua)-Estudio y enseñanza (Primaria)</subfield>
</datafield>
<datafield tag="245" ind1="0" ind2="0">
<subfield code="a">La comunicación no verbal en el aprendizaje de una lengua extranjera: inglés</subfield>
</datafield>
</record></metadata></record></GetRecord></OAI-PMH>